Регионална библиотека "Любен Каравелов" - Русе

Пролетарският интернационализъм - вярно оръжие в борбата за социализъм, за свобода, равноправие и дружба на народите (Запис номер 117204)

MARC детайли
000 -Лидер
Контролно поле с фиксирана дължина nam a22 a 4500
003 - Код на организацията, давaща контролен номер
Контролно поле BLK
005 - Дата и час на последна редакция
Контролно поле 20211026163433.0
008 - Елементи от данни с фиксирана дължина
fixed length control field 180409b bul|||||r ||||||| ||bul||
010 ## - Наследен системен номер
LC control number KNG00122790000
040 ## - Източник на каталожния запис
Идентификатор на билиотеката - собственик на записа BLK
041 ## - Код за език
Код за езика на текст/звукозапис или на отделно заглавие Български
Код за езика КДБФ Български
080 ## - УДК
Текстов определител УДК Партии и движения със социалистически и социалдемократически възгледи. Социалистически и социалдемократически партии. Вж и 327. 323
УДК код - определител по УДК 329.14
УДК - код + определител 329.14
100 1# - Редна дума - Автор
Автор Азизян, Атък Кегамович
Авторска отговорност първи автор
R(LIN) 315095
139 ## - Редно поле
Редна дума Азизян, Атък Кегамович
Авторски знак Аз - А 36
245 10 - Сведения за заглавието
Заглавие Пролетарският интернационализъм - вярно оръжие в борбата за социализъм, за свобода, равноправие и дружба на народите
Редно поле (дума) Атък Кегамович Азизян; прев. от рус. Лазар Младенов.
257 ## - Страна на издаване
Страна на създаване/издаване СССР
260 ## - Област на издателските данни
Име на издателя, разпространителя и проч. БКП
Година на издаване 1958
Място на издаване, разпространение и проч. София
300 ## - Физическа характеристика
Страници 104 с.
Размери/Мащаб 22 см
380 ## - Жанр
Жанр Обществени науки
500 ## - Общи забележки
Забележка 20 000 тир. - Библиогр. под линия
650 #4 - Допълнително описание по предмет – тема
Основно описание – тема или топоним Интернационализъм
9 (RLIN) 157335
650 #4 - Допълнително описание по предмет – тема
Основно описание – тема или топоним Морал, социалистически
9 (RLIN) 315096
653 ## - Ключова дума – ненормативна
Ключова дума интернационализъм
653 ## - Ключова дума – ненормативна
Ключова дума социализъм
700 1# - Други автори (авторска отговорност)
Лично име Младенов, Лазар
Автороска отговорност (Описва отношението между автора и произведението) прев. от рус.
9 (RLIN) 367242
852 ## - Местоположение
Форматна сигнатура Цб 9953
Фондова буква Основен фонд - ползва се само за читалня
856 4# - Електронен адрес и достъп
Електронен формат pdf - файл
856 4# - Електронен адрес и достъп
Електронен формат pdf - файл
999 ## - СИСТЕМНИ КОНТРОЛНИ НОМЕРА
Koha biblionumber 117204
Koha biblioitemnumber 117204
942 ## - АРТИКУЛИ
Вид на библиотечния материал Книги
Скрит в OPAC Не
Периодичен библиозапис Да
944 ## - СЪЗДАВАНЕ И РЕДАКЦИЯ на ЗАПИСА
Създаване/Редакция Създаване
Дата на регистрацията/редакция 09.04.2011
Статус, дата на статуса добави в АБ / 08.04.2011
Служител, извършил регистрацията/редакцията Геновева_Генчева
944 ## - СЪЗДАВАНЕ И РЕДАКЦИЯ на ЗАПИСА
Създаване/Редакция Редакция
Дата на регистрацията/редакция 04.05.2011
Статус, дата на статуса добави в АБ / 08.04.2011
944 ## - СЪЗДАВАНЕ И РЕДАКЦИЯ на ЗАПИСА
Създаване/Редакция Редакция
Дата на регистрацията/редакция 2021-10-26
Статус, дата на статуса 2021-10-26
999 ## - СИСТЕМНИ КОНТРОЛНИ НОМЕРА
Koha biblioitemnumber 117204
Наличности
Код за отписване Код за изгубен артикул Източник на класификационната схема Код за повреда Коз за рестрикции Код за отдаване Артикулен № Име на библиотеката - собственик Име на библиотеката, в която се намира в момента Статус (Текущо местоположение) Дата на вписване в системата Местоположение - отдел Цена в лева Инвентарен номер Систематично азбучна сигнатура Баркод Номер на екземпляра Цена в евро Служебна бележка Служебен тип на артикула
  Не е изгубен Universal Decimal Classification Не е повреден без рестрикции ползва се в читалня 188922 Регионална библиотека "Любен Каравелов" Русе Регионална библиотека "Любен Каравелов" Русе Хранилище 1958-01-01 Основен фонд - ползва се само за читалня 0.18 5326/58 Цб 9953 900000080917 1 0.09 Дост: Dp Вид: Д N: стар фонд Дата: 01.01.1958 Книги
Vip Innovations Ltd, Rousse, Bulgaria 2025